Chemistry of Heterocyclic Compounds (Record no. 1688421)

MARC details
000 -LEADER
fixed length control field 00301 a2200109 4500
000 - LEADER
fixed length control field nam a22 7a 4500
005 - DATE AND TIME OF LATEST TRANSACTION
control field 20260302164722.0
100 ## - MAIN ENTRY--PERSONAL NAME
Personal name Parashar, Rakesh Kumar
9 (RLIN) 1123506
245 ## - TITLE STATEMENT
Title Chemistry of Heterocyclic Compounds
260 ## - PUBLICATION, DISTRIBUTION, ETC.
Name of publisher, distributor, etc. Ane Publishers and Distributors
Date of publication, distribution, etc. 2025
942 ## - ADDED ENTRY ELEMENTS (KOHA)
Koha item type Textual
Holdings
Withdrawn status Lost status Source of classification or shelving scheme Damaged status Not for loan Home library Current library Date acquired Source of acquisition Cost, normal purchase price Total Checkouts Date last seen Cost, replacement price Price effective from Koha item type
    Colon Classification (CC)     Central Science Library Central Science Library 2026-03-25 127 2396.00   2026-03-25 2995.00 2026-03-25 Textual
    Colon Classification (CC)     Central Science Library Central Science Library 2026-03-25 127 2396.00   2026-03-25 2995.00 2026-03-25 Textual
Copyright @ Delhi University Library System